Jesus Christus: Gottes wort in der zeit: Eine systematische Christologie
I tiakina i:
| Kaituhi matua: | |
|---|---|
| Hōputu: | Pukapuka |
| Reo: | Tiamana |
| I whakaputaina: |
Münster
Aschendorff
1994
|
| Putanga: | 1a. ed |
| Ngā marau: | |
| Ngā Tūtohu: |
Tāpirihia he Tūtohu
Kāore He Tūtohu, Me noho koe te mea tuatahi ki te tūtohu i tēnei pūkete!
|
MARC
| LEADER | 00000cam a2200000 a 4500 | ||
|---|---|---|---|
| 001 | UCE8138 | ||
| 003 | CL-VaPUC | ||
| 008 | 150728e19940000gw |||||||||||||||||ger|d | ||
| 020 | |a 3402032686 | ||
| 082 | 0 | 4 | |a 232.2 |b HUN |2 21 |
| 100 | |a Hünermann, Peter |e author |9 591778 | ||
| 245 | 1 | 0 | |a Jesus Christus: Gottes wort in der zeit: Eine systematische Christologie |
| 250 | |a 1a. ed | ||
| 300 | |a 419 p | ||
| 942 | |c BK | ||
| 945 | |d 20150728 02:04:00 |a dcastane | ||
| 260 | |a Münster |b Aschendorff |c 1994 | ||
| 650 | 0 | |a Palabra de Dios (Teología) |9 399809 | |
| 650 | 7 | |a LITURGIA |2 CL-VaPUC |9 580878 | |
| 583 | |a last modification |c 20150728 02:04:00 |k Rodrigo Vera | ||
| 999 | |c 360088 |d 360086 | ||
| 952 | |0 0 |1 0 |3 erb |4 0 |6 232_200000000000000_HUN_1994 |7 0 |8 A |9 469727 |a BIBTEO |b BIBTEO |e Casale Rolle, Carlos Ignacio, -2014 |i 5184924 |o 232.2 HUN 1994 |p 5184924 |r 2025-01-17 |w 2019-11-23 |y BK |z Catalogado en:20150728 |k ICR | ||